31 Flavors of Science Quiz Stats

Quiz Updated Feb 28, 2015

Also try: Planets by Size
Challenge
Share
Tweet
Embed
Score 0/31 Timer 06:00
2 Plays Today
% Correct
Crystallography
84%
Psychology
83.8%
Linguistics
83.1%
Botany
83%
Meteorology
82.5%
History
81.5%
Geology
81.2%
Political Science
81.1%
Biology
80.8%
Hydrology
79.9%
Computer Science
78.7%
Medicine
76.3%
Epidemiology
75.9%
Genetics
75.3%
Mathematics
73.7%
Zoology
73.3%
% Correct
Physics
72.1%
Anthropology
69.5%
Economics
68.7%
Statistics
68%
Astronomy
66.4%
Sociology
65.9%
Chemistry
65.6%
Cosmology
65%
Ecology
64.4%
Materials Science
60.6%
Information Science
59.4%
Logic
56.6%
Geography
52.3%
Cybernetics
46.6%
Engineering
43.7%

You're not logged in!

Compare scores with friends on all Sporcle quizzes.
Join for Free
OR
Log In

You Might Also Like...

Show Comments

Extras

Top Quizzes Today


Score Distribution

Your Account Isn't Verified!

In order to create a playlist on Sporcle, you need to verify the email address you used during registration. Go to your Sporcle Settings to finish the process.

Report this User

Report this user for behavior that violates our Community Guidelines.

Details: